Fundamental rules and supplementary rules (Record no. 4419)

MARC details
000 -LEADER
fixed length control field 00467nam a2200169Ia 4500
003 - CONTROL NUMBER IDENTIFIER
control field IN-BaIIA
008 - FIXED-LENGTH DATA ELEMENTS--GENERAL INFORMATION
fixed length control field 211028s9999 xx 000 0 eng d
040 ## - CATALOGING SOURCE
Transcribing agency IIA Library
080 ## - UNIVERSAL DECIMAL CLASSIFICATION NUMBER
Universal Decimal Classification number 658.31
Item number MUT
100 ## - MAIN ENTRY--PERSONAL NAME
Personal name Muthuswamy, P
9 (RLIN) 7319
245 #0 - TITLE STATEMENT
Title Fundamental rules and supplementary rules
Remainder of title pt. 2
Statement of responsibility, etc. P. Muthuswamy
260 ## - PUBLICATION, DISTRIBUTION, ETC.
Place of publication, distribution, etc. India
Name of publisher, distributor, etc. Swamy Publishers
Date of publication, distribution, etc. 1974
300 ## - PHYSICAL DESCRIPTION
Extent 344p.
650 ## - SUBJECT ADDED ENTRY--TOPICAL TERM
Topical term or geographic name entry element Fundamental Rules
9 (RLIN) 7716
650 ## - SUBJECT ADDED ENTRY--TOPICAL TERM
Topical term or geographic name entry element Suplementary Rules
9 (RLIN) 7717
942 ## - ADDED ENTRY ELEMENTS (KOHA)
Koha item type Books
Holdings
Withdrawn status Lost status Damaged status Not for loan Home library Current library Shelving location Date acquired Total Checkouts Full call number Barcode Date last seen Price effective from Koha item type
        IIA Library-Bangalore IIA Library-Kodaikanal General Stacks 22/06/1974   658.31/ MUT 4935 05/11/2021 22/06/1974 Books

Powered by Koha